[Event "zonal 1.6"]
[Site "Samara RUS"]
[Date "2000.06.17"]
[Round "1"]
[White "Iliushin, Alexei"]
[Black "Kharlov, Andrei"]
[Result "1-0"]
[WhiteElo "2515"]
[BlackElo "2615"]
[EventDate "2000.06.03"]
[PlyCount "113"]

1.d4 d5 2.c4 e6 3.Nf3 c6 4.Qc2 Nf6 5.Nbd2 Nbd7 6.g3 b6 7.Bg2 Bb7 8.O-O Be7
9.Rd1 O-O 10.e4 Rc8 11.e5 Ne8 12.b3 c5 13.dxc5 Nxc5 14.Bb2 Nc7 15.Rac1 
dxc4 16.Nxc4 Nd5 17.Qe2 b5 18.Ne3 Qa5 19.Nxd5 Bxd5 20.Nd4 Bxg2 21.Kxg2 a6 
22.Rc2 Qb6 23.Qf3 f6 24.exf6 Bxf6 25.Qe2 Rcd8 26.Kg1 Rd5 27.Rcd2 Bg5 28.f4
e5 29.fxg5 exd4 30.Bxd4 Rxd4 31.Rxd4 Ne6 32.Qe3 Nxd4 33.Qxd4 Qxd4+ 34.Rxd4
Rc8 35.Rd2 Kf7 36.Re2 a5 37.Kg2 Rc3 38.h4 a4 39.bxa4 bxa4 40.Kh3 g6 41.Kg4
Kf8 42.Kf4 Kf7 43.Re3 Rc2 44.Ra3 Rc4+ 45.Ke5 Rg4 46.Rf3+ Kg7 47.Rf4 Rxg3 
48.Rxa4 Re3+ 49.Kd6 Rd3+ 50.Kc6 Kf7 51.Rf4+ Ke6 52.a4 Ke5 53.Rc4 Rd8 54.a5
Rc8+ 55.Kb5 Rb8+ 56.Ka4 Kd6 57.a6 1-0

[Event "zonal 1.6"]
[Site "Samara RUS"]
[Date "2000.06.17"]
[Round "1"]
[White "Shariazdanov, Andrei"]
[Black "Loginov, Valery"]
[Result "1/2-1/2"]
[WhiteElo "2612"]
[BlackElo "2512"]
[EventDate "2000.06.03"]
[PlyCount "31"]

1.d4 Nf6 2.c4 e6 3.Nf3 b6 4.g3 Ba6 5.b3 Bb4+ 6.Bd2 Be7 7.Nc3 d5 8.cxd5 
exd5 9.Bg2 O-O 10.O-O Bb7 11.Qc2 Na6 12.Rad1 h6 13.Ne5 c6 14.Rfe1 Re8 15.
Nd3 Nb4 16.Nxb4 1/2-1/2

[Event "zonal 1.6"]
[Site "Samara RUS"]
[Date "2000.06.17"]
[Round "1"]
[White "Lastin, Alexander"]
[Black "Tregubov, Pavel"]
[Result "1/2-1/2"]
[WhiteElo "2510"]
[BlackElo "2615"]
[EventDate "2000.06.03"]
[PlyCount "46"]

1.d4 d5 2.c4 e6 3.Nf3 Nf6 4.Nc3 Be7 5.Bg5 O-O 6.e3 Nbd7 7.Rc1 dxc4 8.Bxc4 
a6 9.a4 c5 10.O-O cxd4 11.Nxd4 Qa5 12.Bh4 Ne5 13.Ne4 Qd8 14.Nxf6+ Bxf6 15.
Bxf6 Qxf6 16.Be2 Ng6 17.Bf3 e5 18.Nb3 Rd8 19.Qe2 Nh4 20.Be4 Bf5 21.Bxf5 
Qxf5 22.e4 Qe6 23.Rc3 Ng6 1/2-1/2

[Event "zonal 1.6"]
[Site "Samara RUS"]
[Date "2000.06.17"]
[Round "1"]
[White "Shaposhnikov, Evgeny"]
[Black "Dvoirys, Semen"]
[Result "1-0"]
[WhiteElo "2503"]
[BlackElo "2591"]
[EventDate "2000.06.03"]
[PlyCount "37"]

1.e4 c5 2.Nf3 d6 3.Bc4 Nf6 4.e5 dxe5 5.Nxe5 e6 6.Qe2 Bd6 7.b3 O-O 8.Bb2 
Nbd7 9.f4 Nd5 10.O-O N7b6 11.Bd3 Qh4 12.g3 Qe7 13.c4 Nb4 14.Nc3 f6 15.
Bxh7+ Kxh7 16.Qh5+ Kg8 17.Ng6 Qd8 18.Ne4 Nd3 19.Ng5 1-0

[Event "zonal 1.6"]
[Site "Samara RUS"]
[Date "2000.06.17"]
[Round "1"]
[White "Sapunov, Evgeny"]
[Black "Kobalia, Mikhail"]
[Result "1/2-1/2"]
[WhiteElo "2498"]
[BlackElo "2593"]
[EventDate "2000.06.03"]
[PlyCount "121"]

1.d4 d5 2.c4 c6 3.Nf3 Nf6 4.Nc3 dxc4 5.a4 Bf5 6.Ne5 e6 7.f3 Bb4 8.e4 Bxe4 
9.fxe4 Nxe4 10.Ra3 Qh4+ 11.g3 Nxg3 12.hxg3 Qxh1 13.Qg4 O-O 14.Ra1 c5 15.
Kf2 f5 16.Qe2 f4 17.Bg2 Qh6 18.d5 g5 19.gxf4 Qg7 20.Bd2 exd5 21.Bxd5+ Kh8 
22.Rg1 Nc6 23.Bxc6 bxc6 24.Ke1 Rf5 25.Nf3 Qd7 26.Rxg5 Re8 27.Be3 Rxg5 28.
fxg5 Ba5 29.Kf2 Qf7 30.Qd1 Rd8 31.Qh1 Bc7 32.Qh4 Rf8 33.Qg4 Qg6 34.Ne4 Bf4
35.Bxf4 Qxe4 36.Kg3 Re8 37.Qd7 Re7 38.Qd6 Qe6 39.Qxc5 Kg8 40.Ne5 Rb7 41.
Ng4 Qe1+ 42.Nf2 Rb3+ 43.Kg2 Qe2 44.Qxc6 Rxb2 45.Qd5+ Kf8 46.Bd6+ Ke8 47.
Bg3 Qc2 48.Qa8+ Kf7 49.Qxa7+ Kg6 50.Qe7 Qf5 51.Qe8+ Kxg5 52.Qg8+ Kh5 53.
Qxc4 Rd2 54.a5 Rxf2+ 55.Bxf2 Qxa5 56.Qf7+ Kg4 57.Qf3+ Kg5 58.Be3+ Kg6 59.
Qc6+ Kf5 60.Qd7+ Ke4 61.Qd4+ 1/2-1/2

[Event "zonal 1.6"]
[Site "Samara RUS"]
[Date "2000.06.17"]
[Round "1"]
[White "Volkov, Sergei"]
[Black "Yevseev, Denis"]
[Result "1-0"]
[WhiteElo "2582"]
[BlackElo "2496"]
[EventDate "2000.06.03"]
[PlyCount "65"]

1.d4 Nf6 2.c4 e6 3.Nc3 Bb4 4.f3 d5 5.a3 Bxc3+ 6.bxc3 c5 7.cxd5 Nxd5 8.dxc5
f5 9.Nh3 O-O 10.c4 Nf6 11.Qxd8 Rxd8 12.Nf2 Na6 13.Nd3 Nd7 14.Be3 b6 15.c6 
Ndc5 16.Ne5 Nb3 17.Rb1 Nac5 18.g3 Ba6 19.Bg2 Rac8 20.f4 Na5 21.Rb4 Ne4 22.
Bxe4 fxe4 23.Ra4 Rc7 24.O-O Rdc8 25.Rd1 Rxc6 26.Nxc6 Rxc6 27.Rd8+ Kf7 28.
Rd7+ Kg6 29.Rxa7 Bxc4 30.Rb4 Bxe2 31.Rxb6 Rxb6 32.Bxb6 Nc4 33.Kf2 1-0

[Event "zonal 1.6"]
[Site "Samara RUS"]
[Date "2000.06.17"]
[Round "1"]
[White "Yakovich, Yury"]
[Black "Smikovsky, Ivan"]
[Result "0-1"]
[WhiteElo "2580"]
[BlackElo "2492"]
[EventDate "2000.06.03"]
[PlyCount "62"]

1.d4 Nf6 2.c4 g6 3.Nc3 d5 4.Qb3 dxc4 5.Qxc4 Bg7 6.e4 O-O 7.Be2 Nfd7 8.Be3 
Nb6 9.Qc5 f5 10.Rd1 N8d7 11.Qa3 fxe4 12.Qb3+ Kh8 13.Nxe4 Nf6 14.Nxf6 exf6 
15.d5 Bd7 16.Rd2 c6 17.dxc6 bxc6 18.Nf3 Nd5 19.Bc5 Re8 20.O-O Qa5 21.Qc4 
Bh6 22.b4 Qc7 23.Rd4 Be6 24.Qc2 Nf4 25.Bc4 Bxc4 26.Rxc4 Re2 27.Qd1 Rd8 28.
Rd4 Ree8 29.Bd6 Qb6 30.Be7 Qxd4 31.Bxd8 Qxd8 0-1

[Event "zonal 1.6"]
[Site "Samara RUS"]
[Date "2000.06.17"]
[Round "1"]
[White "Zakharevich, Igor"]
[Black "Ulybin, Mikhail"]
[Result "1-0"]
[WhiteElo "2486"]
[BlackElo "2580"]
[EventDate "2000.06.03"]
[PlyCount "57"]

1.d4 d5 2.Nf3 Nf6 3.c4 c6 4.Nc3 dxc4 5.e4 b5 6.e5 Nd5 7.a4 e6 8.Ng5 Be7 9.
h4 b4 10.Nce4 h6 11.Nf3 Ba6 12.Nfd2 c3 13.Nc4 O-O 14.Qg4 cxb2 15.Bxb2 b3 
16.Rh3 Nb4 17.O-O-O Qd5 18.Rg3 g6 19.Ne3 Qa5 20.Qf4 Bxf1 21.Ng4 Qa6 22.
Qxh6 Qc4+ 23.Rc3 Na2+ 24.Kb1 Nxc3+ 25.Bxc3 f5 26.exf6 Rf7 27.fxe7 Nd7 28.
Qxg6+ Kh8 29.Qxf7 1-0

[Event "zonal 1.6"]
[Site "Samara RUS"]
[Date "2000.06.17"]
[Round "1"]
[White "Bezgodov, Alexei"]
[Black "Bocharov, Dmitry"]
[Result "1-0"]
[WhiteElo "2576"]
[BlackElo "2475"]
[EventDate "2000.06.03"]
[PlyCount "75"]

1.e4 c5 2.Nf3 Nc6 3.d4 cxd4 4.Nxd4 e6 5.Nc3 a6 6.Be2 Qc7 7.O-O Nf6 8.Be3 
Be7 9.f4 d6 10.Qe1 O-O 11.Qg3 Nxd4 12.Bxd4 b5 13.a3 Bb7 14.Rae1 Rad8 15.
Kh1 Bc6 16.Bf3 Qb7 17.Nd1 g6 18.Nf2 Rfe8 19.c3 Nd7 20.Ng4 Bf8 21.f5 e5 22.
Be3 f6 23.Nh6+ Bxh6 24.Bxh6 Kf7 25.Qh4 Rg8 26.Be3 Rg7 27.Bh6 Rgg8 28.Rd1 
Ke7 29.Bg5 Rg7 30.fxg6 hxg6 31.Bg4 Rf7 32.Bxd7 Kxd7 33.Rxf6 Rxf6 34.Bxf6 
Rf8 35.Bxe5 Bxe4 36.Bxd6 Bxg2+ 37.Kg1 Qf3 38.Qe7+ 1-0

[Event "zonal 1.6"]
[Site "Samara RUS"]
[Date "2000.06.17"]
[Round "1"]
[White "Kosyrev, Vladimir"]
[Black "Naer, Evgeny"]
[Result "1-0"]
[WhiteElo "2474"]
[BlackElo "2572"]
[EventDate "2000.06.03"]
[PlyCount "57"]

1.d4 Nf6 2.c4 g6 3.Nc3 Bg7 4.e4 d6 5.Nf3 O-O 6.h3 e5 7.d5 Na6 8.Bg5 h6 9.
Be3 Nc5 10.Nd2 a5 11.g4 c6 12.Be2 a4 13.Bxc5 dxc5 14.Nxa4 b5 15.cxb5 cxd5 
16.Nxc5 Qe7 17.b4 Nxe4 18.Ndxe4 dxe4 19.Qb3 Be6 20.Nxe6 fxe6 21.O-O Rf4 
22.Rac1 Raf8 23.b6 Kh8 24.Rc7 Qd6 25.Qe3 Qxb4 26.b7 R4f7 27.Rxf7 Rxf7 28.
Ba6 Bf8 29.Qb3 1-0

[Event "zonal 1.6"]
[Site "Samara RUS"]
[Date "2000.06.17"]
[Round "1"]
[White "Khliyan, Eduard"]
[Black "Fominykh, Alexander"]
[Result "1/2-1/2"]
[WhiteElo "2454"]
[BlackElo "2551"]
[EventDate "2000.06.03"]
[PlyCount "69"]

1.d4 d5 2.Nf3 Nf6 3.c4 dxc4 4.Qa4+ c6 5.Qxc4 Bf5 6.g3 e6 7.Bg2 Be7 8.O-O 
Nbd7 9.Nc3 O-O 10.e3 Ne4 11.Ne1 Nd6 12.Qe2 e5 13.dxe5 Nxe5 14.f4 Nd7 15.e4
Be6 16.b3 f6 17.Nc2 Re8 18.Bb2 Bf8 19.Kh1 Bf7 20.Rad1 Qc7 21.Qf2 a6 22.g4 
Nb5 23.Na4 Bg6 24.Rxd7 Qxd7 25.Nb6 Qd3 26.Ne1 Qd8 27.Nxa8 Qxa8 28.e5 fxe5 
29.Bxe5 Qd8 30.Nf3 Be4 31.a4 Nd6 32.Rd1 Bd5 33.Ng5 Bxb3 34.Rd3 Bc4 35.Rxd6
1/2-1/2

[Event "zonal 1.6"]
[Site "Samara RUS"]
[Date "2000.06.17"]
[Round "1"]
[White "Scherbakov, Ruslan"]
[Black "Riazantsev, Alexander"]
[Result "1/2-1/2"]
[WhiteElo "2552"]
[BlackElo "2442"]
[EventDate "2000.06.03"]
[PlyCount "41"]

1.d4 Nf6 2.c4 g6 3.Nc3 d5 4.cxd5 Nxd5 5.e4 Nxc3 6.bxc3 Bg7 7.Be3 c5 8.Qd2 
cxd4 9.cxd4 Nc6 10.Rd1 O-O 11.d5 Ne5 12.Bd4 Nd7 13.Bxg7 Kxg7 14.Ne2 Nb6 
15.Ng3 Qd6 16.Be2 Bd7 17.h4 h5 18.Qb2+ f6 19.O-O Rac8 20.Rc1 Rxc1 21.Rxc1 
1/2-1/2

[Event "zonal 1.6"]
[Site "Samara RUS"]
[Date "2000.06.17"]
[Round "1"]
[White "Yakovenko, Dmitry"]
[Black "Volzhin, Alexander"]
[Result "1-0"]
[WhiteElo "2443"]
[BlackElo "2548"]
[EventDate "2000.06.03"]
[PlyCount "99"]

1.e4 c6 2.d4 d5 3.Nc3 dxe4 4.Nxe4 Bf5 5.Ng3 Bg6 6.Nf3 Nd7 7.h4 h6 8.h5 Bh7
9.Bd3 Bxd3 10.Qxd3 Ngf6 11.Bf4 Qa5+ 12.Bd2 Qc7 13.Kf1 e6 14.Re1 Be7 15.c4 
O-O 16.Nf5 exf5 17.Rxe7 Ne4 18.Nh4 Ndc5 19.Qxe4 Nxe4 20.Rxc7 Nxd2+ 21.Ke2 
Nxc4 22.Rxb7 Rfe8+ 23.Kd3 Nd6 24.Rc7 Rac8 25.Rxc8 Rxc8 26.Rc1 Kh7 27.Rc2 
g6 28.hxg6+ fxg6 29.Nf3 Nf7 30.b4 Rb8 31.Rxc6 Rxb4 32.Rc7 Kg8 33.Rxa7 Rb2 
34.Ne5 Nxe5+ 35.dxe5 Rxf2 36.e6 Kf8 37.Kd4 f4 38.Ke5 f3 39.gxf3 Rxf3 40.a4
Re3+ 41.Kf6 Rf3+ 42.Kxg6 h5 43.a5 h4 44.a6 h3 45.Rh7 Rg3+ 46.Kf5 Ra3 47.a7
h2 48.e7+ Ke8 49.Rxh2 Kxe7 50.Rh8 1-0

[Event "zonal 1.6"]
[Site "Samara RUS"]
[Date "2000.06.17"]
[Round "1"]
[White "Sergienko, Sergei"]
[Black "Rustemov, Alexander"]
[Result "0-1"]
[WhiteElo "2425"]
[BlackElo "2553"]
[EventDate "2000.06.03"]
[PlyCount "78"]

1.d4 g6 2.e4 Bg7 3.Nc3 d6 4.g3 c5 5.d5 Nf6 6.Bg2 O-O 7.Nge2 Na6 8.O-O Nc7 
9.a4 b6 10.h3 Ba6 11.Be3 Rb8 12.Qd2 Re8 13.Rfe1 Nd7 14.f4 Bxe2 15.Rxe2 a6 
16.Rae1 b5 17.axb5 Nxb5 18.Nd1 Nd4 19.Rf2 a5 20.c3 Nb3 21.Qe2 a4 22.e5 
dxe5 23.fxe5 Bxe5 24.Bf4 Bxf4 25.Rxf4 e5 26.Rxa4 f5 27.Ne3 e4 28.Rf1 Qg5 
29.Kh2 Ne5 30.d6 Kh8 31.Rd1 Nf3+ 32.Kh1 Qxg3 33.Nf1 Qf4 34.d7 Red8 35.Qa6 
Kg7 36.Qe6 Kh6 37.Qe7 Nc1 38.b4 Ne2 39.Raa1 Qh2+ 0-1

[Event "zonal 1.6"]
[Site "Samara RUS"]
[Date "2000.06.17"]
[Round "1"]
[White "Voitsekhovsky, Stanislav"]
[Black "Smirnov, Pavel"]
[Result "1/2-1/2"]
[WhiteElo "2546"]
[BlackElo "2426"]
[EventDate "2000.06.03"]
[PlyCount "92"]

1.e4 c5 2.Nf3 Nc6 3.d4 cxd4 4.Nxd4 Nf6 5.Nc3 e5 6.Ndb5 d6 7.Bg5 a6 8.Na3 
b5 9.Bxf6 gxf6 10.Nd5 f5 11.c3 Bg7 12.exf5 Bxf5 13.Nc2 Be6 14.g3 O-O 15.
Bg2 f5 16.O-O a5 17.a3 Rb8 18.Qd2 Qd7 19.Rad1 Kh8 20.Rfe1 e4 21.Nf4 Be5 
22.f3 b4 23.Nd4 bxc3 24.bxc3 Bb3 25.Nxb3 Rxb3 26.fxe4 Bxc3 27.Qd5 Nd4 28.
exf5 Qa7 29.Rf1 Rxf5 30.Qc4 Rc5 31.Qa4 Rb8 32.Kh1 Rcc8 33.Nd5 Bb2 34.Nf6 
Rf8 35.Qc4 Rbc8 36.Qd3 Rc2 37.Nxh7 Rff2 38.Ng5 Rxg2 39.Rf8+ Kg7 40.Rf7+ 
Qxf7 41.Qh7+ Kf6 42.Rf1+ Kxg5 43.Qh4+ Kg6 44.Qg4+ Kh6 45.Rxf7 Rxh2+ 46.Kg1
Ne2+ 1/2-1/2

[Event "zonal 1.6"]
[Site "Samara RUS"]
[Date "2000.06.17"]
[Round "1"]
[White "Frolov, Denis"]
[Black "Ivanov, Sergei"]
[Result "1/2-1/2"]
[WhiteElo "2428"]
[BlackElo "2543"]
[EventDate "2000.06.03"]
[PlyCount "114"]

1.e4 e6 2.d4 d5 3.Nc3 Bb4 4.e5 c5 5.Bd2 Nc6 6.Nf3 cxd4 7.Nb5 Bc5 8.a3 Nge7
9.b4 Bb6 10.Bd3 Bc7 11.Nxc7+ Qxc7 12.Bf4 f5 13.Bb5 O-O 14.Bxc6 Nxc6 15.O-O
Bd7 16.b5 Na5 17.Nxd4 Nc4 18.Qd3 a6 19.a4 h6 20.h4 axb5 21.axb5 Qb6 22.
Rfb1 Rac8 23.Rb3 Kh8 24.Qd1 Kh7 25.Rg3 Be8 26.c3 Bf7 27.Qc1 Ra8 28.Rxa8 
Rxa8 29.Kh2 Qd8 30.Nf3 Bh5 31.Nd4 Qe7 32.f3 Ra2 33.Kh3 Bf7 34.Qb1 Rb2 35.
Qa1 Be8 36.Qd1 Bd7 37.Qd3 Ra2 38.Qb1 Rb2 39.Qd3 Ra2 40.Qb1 Qa3 41.Qd3 Ra1 
42.Kh2 Qe7 43.Rh3 Ra2 44.Qd1 Ra5 45.Qb1 Na3 46.Qa2 Bxb5 47.Qb2 Bc4 48.Bg5 
hxg5 49.hxg5+ Kg6 50.Qf2 f4 51.Qh4 Qxg5 52.Qh8 Kf7 53.Qc8 Ra6 54.Rh8 Qg3+ 
55.Kh1 Qe1+ 56.Kh2 Qg3+ 57.Kh1 Qe1+ 1/2-1/2

[Event "zonal 1.6"]
[Site "Samara RUS"]
[Date "2000.06.17"]
[Round "1"]
[White "Ikonnikov, Viacheslav"]
[Black "Kornev, Alexei"]
[Result "0-1"]
[WhiteElo "2550"]
[BlackElo "2384"]
[EventDate "2000.06.03"]
[PlyCount "68"]

1.d4 g6 2.Nf3 Bg7 3.c4 d6 4.Nc3 Nd7 5.e4 e5 6.Be2 Ngf6 7.O-O O-O 8.Qc2 Nh5
9.Bg5 f6 10.Be3 Nf4 11.Bxf4 exf4 12.Rad1 c6 13.Rfe1 g5 14.c5 dxc5 15.dxc5 
Qe7 16.b4 Kh8 17.Nd4 Ne5 18.Nf5 Qf7 19.Nd6 Qg6 20.Nxc8 Raxc8 21.Rd6 g4 22.
Kh1 Qh5 23.Bf1 Rce8 24.Ne2 g3 25.fxg3 Ng4 26.h3 fxg3 27.Nf4 Nf2+ 28.Kg1 
Qe5 29.Nd3 Nxd3 30.Bxd3 f5 31.Rd7 fxe4 32.Be2 Rf2 33.Rxb7 Qf4 34.Qd1 Rxg2+
0-1

[Event "zonal 1.6"]
[Site "Samara RUS"]
[Date "2000.06.17"]
[Round "1"]
[White "Balashov, Yury"]
[Black "Alavkin, Arseny"]
[Result "1-0"]
[WhiteElo "2534"]
[BlackElo "2397"]
[EventDate "2000.06.03"]
[PlyCount "47"]

1.c4 c6 2.e4 d5 3.exd5 cxd5 4.cxd5 Nf6 5.Nc3 g6 6.Nf3 Bg7 7.Bc4 O-O 8.O-O 
Bg4 9.h3 Qc8 10.Bb3 Bh5 11.Re1 Qf5 12.Rxe7 Bxf3 13.Qxf3 Qxf3 14.gxf3 Nbd7 
15.d4 Rfe8 16.Rxe8+ Rxe8 17.Bf4 Nh5 18.Be3 a6 19.Ne4 Ndf6 20.Rc1 Bf8 21.
Nxf6+ Nxf6 22.Rc7 Rd8 23.d6 Rd7 24.Bf4 1-0

[Event "zonal 1.6"]
[Site "Samara RUS"]
[Date "2000.06.17"]
[Round "1"]
[White "Varavin, Viktor"]
[Black "Grechikhin, Valery"]
[Result "1-0"]
[WhiteElo "2410"]
[BlackElo "2521"]
[EventDate "2000.06.03"]
[PlyCount "79"]

1.e4 e6 2.d4 d5 3.Nc3 Nf6 4.e5 Nfd7 5.f4 c5 6.Nf3 Nc6 7.Be3 cxd4 8.Nxd4 
Qb6 9.Qd2 Qxb2 10.Rb1 Qa3 11.Bd3 Qa5 12.Ncb5 Qd8 13.O-O a6 14.Nd6+ Bxd6 
15.exd6 O-O 16.c4 Qf6 17.Kh1 Kh8 18.Bc2 Nxd4 19.Bxd4 Qh6 20.Rb3 e5 21.Bb2 
Nc5 22.Qxd5 Nxb3 23.axb3 Qe6 24.Qd3 e4 25.Qd4 f6 26.f5 Qe5 27.Qxe5 fxe5 
28.Bxe4 Bd7 29.g4 Rfe8 30.Kg2 Rac8 31.Kf3 b5 32.Rc1 bxc4 33.bxc4 a5 34.c5 
Red8 35.Bxe5 Re8 36.Kf4 Bc6 37.Bxc6 Rxc6 38.Ke4 a4 39.Kd5 Ra6 40.d7 1-0

[Event "zonal 1.6"]
[Site "Samara RUS"]
[Date "2000.06.17"]
[Round "1"]
[White "Sidorov, Anatoly"]
[Black "Popov, Valery"]
[Result "1/2-1/2"]
[WhiteElo "2339"]
[BlackElo "2534"]
[EventDate "2000.06.03"]
[PlyCount "98"]

1.d4 d5 2.Nc3 f5 3.Nf3 Nf6 4.Bf4 c6 5.e3 e6 6.a3 Be7 7.Be2 O-O 8.Ne5 Nbd7 
9.g4 Nxe5 10.Bxe5 Nd7 11.Bg3 a5 12.h4 b5 13.g5 Bb7 14.Na2 Qb6 15.Bf4 b4 
16.a4 c5 17.O-O Rac8 18.Nc1 Rfd8 19.Bb5 Ba6 20.Bxa6 Qxa6 21.Re1 Bd6 22.Ne2
Nf8 23.Bxd6 Qxd6 24.dxc5 Rxc5 25.Nd4 Rc4 26.b3 Rc5 27.Qf3 g6 28.Rad1 Qe7 
29.Qg3 Rdc8 30.Re2 Rc3 31.Qe5 Qc7 32.Qxc7 R3xc7 33.f4 h5 34.gxh6 Rh7 35.
Kf2 Rxh6 36.Nf3 Nd7 37.Rg1 Kf7 38.Ke1 Kf6 39.Reg2 Rc3 40.Kd2 Nc5 41.Ne5 
Ne4+ 42.Kd1 Rxe3 43.Rxg6+ Rxg6 44.Rxg6+ Ke7 45.h5 d4 46.Rg7+ Kf8 47.h6 
Nc3+ 48.Kd2 Nb1+ 49.Kd1 Nc3+ 1/2-1/2

[Event "zonal 1.6"]
[Site "Samara RUS"]
[Date "2000.06.17"]
[Round "1"]
[White "Poluliakhov, Alexander"]
[Black "Yashtylov, Anatoly"]
[Result "1/2-1/2"]
[WhiteElo "2526"]
[BlackElo "2319"]
[EventDate "2000.06.03"]
[PlyCount "33"]

1.c4 e6 2.Nf3 d5 3.d4 c6 4.Qc2 dxc4 5.Qxc4 Nf6 6.Bg5 b5 7.Qc2 Bb7 8.Nbd2 
Nbd7 9.e3 a6 10.a4 Rc8 11.axb5 cxb5 12.Qb3 Qc7 13.Bd3 Bd6 14.O-O O-O 15.h3
h6 16.Bxf6 Nxf6 17.e4 1/2-1/2

[Event "zonal 1.6"]
[Site "Samara RUS"]
[Date "2000.06.17"]
[Round "1"]
[White "Belitsky, Alexander"]
[Black "Totsky, Leonid"]
[Result "0-1"]
[WhiteElo "2306"]
[BlackElo "2524"]
[EventDate "2000.06.03"]
[PlyCount "88"]

1.d4 e6 2.c4 Bb4+ 3.Bd2 a5 4.Nf3 d6 5.g3 Nc6 6.Bg2 e5 7.d5 Bxd2+ 8.Qxd2 
Nb8 9.O-O Nh6 10.Nc3 Na6 11.e4 Nc5 12.Rae1 O-O 13.Nh4 Bd7 14.b3 Qe7 15.Nb5
Rfc8 16.h3 Qe8 17.Nc3 b5 18.f4 b4 19.Ne2 f6 20.Nc1 exf4 21.gxf4 Qh5 22.Qf2
Nf7 23.Bf3 Qh6 24.Bg4 Bxg4 25.hxg4 g6 26.Re3 Re8 27.Rfe1 Re7 28.Nd3 Nxd3 
29.Rxd3 Rae8 30.Rde3 Nd8 31.Qg3 Nb7 32.Nf3 Nc5 33.g5 Qf8 34.e5 fxe5 35.
fxe5 dxe5 36.Nxe5 Qf5 37.Rf1 Ne4 38.Rxe4 Qxe4 39.Ng4 Qd4+ 40.Kh1 Kh8 41.
Nf6 Rf8 42.Re1 Rxe1+ 43.Qxe1 Qf4 44.Ne4 Qe5 0-1

[Event "zonal 1.6"]
[Site "Samara RUS"]
[Date "2000.06.17"]
[Round "1"]
[White "Rashkovsky, Nukhim"]
[Black "Sultanov, Alexander"]
[Result "1/2-1/2"]
[WhiteElo "2523"]
[BlackElo "2294"]
[EventDate "2000.06.03"]
[PlyCount "50"]

1.d4 Nf6 2.Nf3 e6 3.c4 b6 4.e3 Bb7 5.Bd3 d5 6.O-O Bd6 7.b4 dxc4 8.Bxc4 O-O
9.a3 Nbd7 10.Bb2 Qe7 11.Nc3 c5 12.dxc5 bxc5 13.b5 Rfd8 14.Qe2 Nb6 15.e4 
Nxc4 16.Qxc4 Nd7 17.Ne2 Nb6 18.Qc2 a6 19.a4 axb5 20.axb5 c4 21.Ng3 Bb4 22.
Bd4 Bc5 23.Bc3 Bb4 24.Bd4 Bc5 25.Bc3 Bb4 1/2-1/2

[Event "zonal 1.6"]
[Site "Samara RUS"]
[Date "2000.06.17"]
[Round "1"]
[White "Utnasunov, Alexander"]
[Black "Lugovoi, Alexei"]
[Result "1/2-1/2"]
[WhiteElo "2175"]
[BlackElo "2515"]
[EventDate "2000.06.03"]
[PlyCount "56"]

1.d4 Nf6 2.c4 g6 3.Nc3 Bg7 4.e4 d6 5.f3 O-O 6.Be3 a6 7.Qd2 Nc6 8.Nge2 Rb8 
9.Nc1 e5 10.d5 Nd4 11.Nb3 c5 12.dxc6 bxc6 13.Nxd4 exd4 14.Bxd4 d5 15.cxd5 
cxd5 16.e5 Nd7 17.f4 f6 18.e6 Re8 19.Be2 Nf8 20.f5 gxf5 21.Bh5 Rxe6+ 22.
Ne2 Re7 23.O-O Ne6 24.Kh1 a5 25.Bc3 a4 26.Rad1 Ng5 27.Nd4 Ne4 28.Qf4 Bd7 
1/2-1/2

[Event "zonal 1.6"]
[Site "Samara RUS"]
[Date "2000.06.18"]
[Round "2"]
[White "Tregubov, Pavel"]
[Black "Aseev, Konstantin"]
[Result "0-1"]
[WhiteElo "2615"]
[BlackElo "2517"]
[EventDate "2000.06.03"]
[PlyCount "84"]

1.d4 Nf6 2.c4 e6 3.Nf3 b6 4.g3 Ba6 5.Nbd2 c5 6.Bg2 Nc6 7.Ne5 Nxd4 8.e3 Nf5
9.Qa4 Qc8 10.Bxa8 Qxa8 11.Rg1 Bc8 12.b3 Ne4 13.Bb2 Nxd2 14.Kxd2 f6 15.Nd3 
Bb7 16.Rad1 Bc6 17.Qa6 Bf3 18.Rde1 Be7 19.Kc1 O-O 20.Nf4 Nd6 21.g4 Ne4 22.
Nd3 Bd6 23.h4 Bh2 24.Rgf1 Bg2 25.f4 Bg3 26.Rg1 Nf2 27.Nxf2 Bxf2 28.Bc3 Qb7
29.Qxb7 Bxb7 30.g5 Bxe1 31.Rxe1 fxg5 32.hxg5 Be4 33.Be5 d5 34.Rd1 Rd8 35.
Kb2 Kf7 36.Kc3 Rd7 37.a3 a5 38.b4 axb4+ 39.axb4 Ra7 40.bxc5 bxc5 41.Kb3 
Kg6 42.Bd6 Rd7 0-1

[Event "zonal 1.6"]
[Site "Samara RUS"]
[Date "2000.06.18"]
[Round "2"]
[White "Grechikhin, Valery"]
[Black "Ibragimov, Ildar"]
[Result "0-1"]
[WhiteElo "2521"]
[BlackElo "2611"]
[EventDate "2000.06.03"]
[PlyCount "104"]

1.e4 d6 2.d4 g6 3.Nf3 Bg7 4.Bd3 Nf6 5.O-O O-O 6.Re1 c5 7.c3 Nc6 8.d5 Nb8 
9.c4 Bg4 10.Nbd2 e5 11.h3 Bd7 12.a3 Na6 13.Rb1 Bh6 14.b4 Nh5 15.Bf1 b6 16.
g3 Ng7 17.Bg2 f5 18.Nf1 Bxc1 19.Qxc1 f4 20.g4 g5 21.N3h2 Ne8 22.f3 Nf6 23.
b5 Nc7 24.a4 a6 25.Qc3 h5 26.Rb3 Kf7 27.Reb1 Rh8 28.a5 axb5 29.axb6 Na6 
30.cxb5 Nb4 31.Nd2 Bxb5 32.Bf1 Qxb6 33.Bxb5 Qxb5 34.Nc4 Ra6 35.Nf1 hxg4 
36.hxg4 Nd7 37.Nfd2 Ke7 38.Kg2 Qb8 39.Ra3 Rxa3 40.Qxa3 Qa8 41.Qc3 Rh6 42.
Rh1 Rxh1 43.Kxh1 Qa4 44.Nb3 Qa6 45.Kg1 Kd8 46.Nba5 Kc7 47.Qa3 Nb6 48.Qc3 
Nxc4 49.Nxc4 Kd7 50.Kh1 Qa2 51.Nxe5+ dxe5 52.Qxc5 Qb1+ 0-1

[Event "zonal 1.6"]
[Site "Samara RUS"]
[Date "2000.06.18"]
[Round "2"]
[White "Iliushin, Alexei"]
[Black "Dolmatov, Sergei"]
[Result "1/2-1/2"]
[WhiteElo "2515"]
[BlackElo "2615"]
[EventDate "2000.06.03"]
[PlyCount "23"]

1.d4 Nf6 2.c4 g6 3.Nc3 Bg7 4.e4 d6 5.f3 O-O 6.Be3 e5 7.Nge2 c6 8.Qd2 Nbd7 
9.d5 cxd5 10.cxd5 a6 11.g4 h5 12.h3 1/2-1/2

[Event "zonal 1.6"]
[Site "Samara RUS"]
[Date "2000.06.18"]
[Round "2"]
[White "Dvoirys, Semen"]
[Black "Makarov, Marat"]
[Result "1-0"]
[WhiteElo "2591"]
[BlackElo "2513"]
[EventDate "2000.06.03"]
[PlyCount "195"]

1.e4 c5 2.Nf3 Nc6 3.d4 cxd4 4.Nxd4 Nf6 5.Nc3 d6 6.Be2 g6 7.Be3 Bg7 8.Qd2 
O-O 9.O-O-O Nxd4 10.Bxd4 Qa5 11.h4 Be6 12.Qg5 Qxg5+ 13.hxg5 Nd7 14.Nd5 
Bxd5 15.exd5 Rfc8 16.Be3 Rc7 17.Rh4 Rac8 18.c3 Nb6 19.Rb4 Nd7 20.Kc2 b6 
21.Rh1 e5 22.dxe6 fxe6 23.Rbh4 Nf8 24.a4 d5 25.Rd1 Rf7 26.f3 Nd7 27.Ba6 
Rd8 28.a5 Bf8 29.axb6 axb6 30.Bb5 Bc5 31.Bd2 Bf2 32.Rb4 Ne5 33.Ra4 Rc8 34.
Rf1 Bg3 35.Be3 Nc4 36.Bxc4 dxc4 37.Bxb6 Bf4 38.Re1 Bxg5 39.Rxe6 Rf6 40.
Rxf6 Bxf6 41.Be3 h5 42.Bd4 Be7 43.Ra6 Kf7 44.Rb6 g5 45.Kd2 h4 46.Rb7 Ke6 
47.Ke3 Ra8 48.Ke4 Ra1 49.Rb6+ Kf7 50.Kf5 Re1 51.Rb7 Ke8 52.Be5 Ra1 53.Ke6 
Ra6+ 54.Kd5 g4 55.fxg4 Rg6 56.Rb8+ Kf7 57.Rb7 Ke8 58.Ke4 Rxg4+ 59.Kf3 Rg6 
60.Bf4 Ra6 61.Kg4 Rg6+ 62.Kf3 Ra6 63.Rb5 Rg6 64.Re5 Kf7 65.Re4 Rb6 66.Bc1 
Rc6 67.Be3 Rc8 68.Bf2 Bg5 69.Bxh4 Bc1 70.Re7+ Kg6 71.Rb7 Rf8+ 72.Ke2 Re8+ 
73.Kd1 Be3 74.Rc7 Re4 75.Re7 Rxh4 76.Rxe3 Kf5 77.Kc2 Rh2 78.Re2 Rh8 79.Rd2
Ke5 80.Rd4 Rc8 81.g4 Rc7 82.b3 cxb3+ 83.Kxb3 Rg7 84.Kc4 Rg8 85.Rd5+ Ke6 
86.g5 Rc8+ 87.Rc5 Rg8 88.Kd4 Rd8+ 89.Ke4 Rd1 90.Rc6+ Kd7 91.Rf6 Ke7 92.Ra6
Rc1 93.Kd4 Rd1+ 94.Kc5 Rg1 95.g6 Rg5+ 96.Kb4 Kd7 97.g7 Kc7 98.Ra8 1-0

[Event "zonal 1.6"]
[Site "Samara RUS"]
[Date "2000.06.18"]
[Round "2"]
[White "Kobalia, Mikhail"]
[Black "Lastin, Alexander"]
[Result "1/2-1/2"]
[WhiteElo "2593"]
[BlackElo "2510"]
[EventDate "2000.06.03"]
[PlyCount "60"]

1.e4 e5 2.d4 exd4 3.Nf3 Nc6 4.Nxd4 Bc5 5.Nxc6 bxc6 6.Bd3 Ne7 7.O-O O-O 8.
Nd2 d6 9.Nb3 Bb6 10.Bg5 Be6 11.c3 h6 12.Bh4 g5 13.Bg3 f5 14.exf5 Nxf5 15.
Bxf5 Bxf5 16.Nd4 Qd7 17.a4 Bxd4 18.Qxd4 c5 19.Qd2 a5 20.Rfe1 Rfe8 21.h4 
gxh4 22.Bxh4 Kh7 23.Qf4 Bg6 24.f3 Qf7 25.Qd2 Qc4 26.Bf2 Rab8 27.Be3 Qh4 
28.Bf2 Qc4 29.Be3 Qh4 30.Bf2 Qc4 1/2-1/2

[Event "zonal 1.6"]
[Site "Samara RUS"]
[Date "2000.06.18"]
[Round "2"]
[White "Shaposhnikov, Evgeny"]
[Black "Volkov, Sergei"]
[Result "0-1"]
[WhiteElo "2503"]
[BlackElo "2582"]
[EventDate "2000.06.03"]
[PlyCount "68"]

1.e4 e6 2.d4 d5 3.Nc3 Nf6 4.e5 Nfd7 5.f4 c5 6.Nf3 Nc6 7.Be3 a6 8.Qd2 b5 9.
Bd3 b4 10.Nd1 Qb6 11.Qf2 a5 12.O-O Ba6 13.Bxa6 Rxa6 14.c3 Be7 15.f5 exf5 
16.Bf4 cxd4 17.cxd4 O-O 18.Kh1 Bd8 19.Ne3 Ne7 20.Rad1 h6 21.g4 fxg4 22.
Nxg4 Nf5 23.Rg1 Kh8 24.Rg2 Rg8 25.Rdg1 Nf8 26.Qd2 Qe6 27.Ne3 Ng6 28.Ng4 
Rc6 29.Be3 Be7 30.h4 h5 31.Nf2 Ngxh4 32.Nxh4 Nxh4 33.Rh2 Qf5 34.Qe2 Rc2 
0-1

[Event "zonal 1.6"]
[Site "Samara RUS"]
[Date "2000.06.18"]
[Round "2"]
[White "Meister, Yakov"]
[Black "Shariazdanov, Andrei"]
[Result "0-1"]
[WhiteElo "2470"]
[BlackElo "2610"]
[EventDate "2000.06.03"]
[PlyCount "66"]

1.Nf3 c5 2.e3 Nf6 3.d4 e6 4.c4 d5 5.Nc3 Nc6 6.a3 a6 7.dxc5 Bxc5 8.b4 Bd6 
9.Bb2 O-O 10.Qb3 dxc4 11.Bxc4 b5 12.Be2 Bb7 13.Rd1 Qe7 14.O-O Ne5 15.Nxe5 
Bxe5 16.f4 Bc7 17.Bf3 Bb6 18.Ne2 Bxf3 19.Rxf3 Ne4 20.Ng3 Nd6 21.Qc3 f6 22.
Qc6 Rad8 23.Bd4 Nc4 24.Rff1 Rd6 25.Qe4 Qa7 26.Qf3 Bxd4 27.exd4 Rxd4 28.Kh1
Rfd8 29.Ne4 Qd7 30.Rxd4 Qxd4 31.Re1 e5 32.fxe5 Nxe5 33.Qg3 Nd3 0-1